000 00498nam a2200121Ia 4500
008 231129s9999||||xx |||||||||||||| ||spa||
020 _a978-958-46-8707-4
082 _aCo861.6 T145d
100 _aTalleres de Escritores Gabriel Garcí­a Márquez
245 0 _aDesde el patio de las leyendas: entre la persistencia y el olvido
264 _aBogotá: Universidad Autónoma de Colombia Fundación Talleres de escritores Gabriel Garcí­a Márquez.
942 _2ddc
_cBKS
999 _c9090
_d9090